Cities in the New York Metro Area - Statistics

General Stats
  • This quiz has been taken 184 times
  • The average score is 12 of 51
Answer Stats
Rank City Population % Correct
1 New York City 8,804,190
100%
5 Newark 311,549
90%
7 Jersey City 292,449
82%
10 Yonkers 211,569
81%
23 New Rochelle 79,726
56%
14 Elizabeth 137,298
55%
28 Hoboken 60,419
54%
12 Paterson 159,732
49%
29 White Plains 59,559
49%
2 Hempstead 793,409
47%
24 Mount Vernon 73,893
39%
17 Edison 107,588
32%
32 New Brunswick 55,266
27%
30 Union 59,728
27%
38 Long Beach 35,029
24%
4 Islip 339,938
23%
6 Oyster Bay 301,332
21%
35 Hackensack 46,030
20%
25 Passaic 70,537
20%
31 Perth Amboy 55,436
20%
46 Rye 16,592
20%
21 Clifton 90,296
18%
15 Lakewood 135,158
18%
8 North Hempstead 237,639
18%
18 Woodbridge 103,639
18%
37 Fort Lee 40,191
15%
9 Babylon 218,223
14%
3 Brookhaven 485,773
14%
42 Harrison 28,218
13%
11 Huntington 204,127
13%
19 Toms River 95,438
13%
26 Union City 68,589
13%
44 Morristown 20,180
11%
36 Montclair 40,921
10%
43 Peekskill 25,431
10%
16 Smithtown 116,296
9%
34 West Orange 48,843
8%
39 Long Branch 31,667
7%
13 Ramapo 148,919
7%
33 Wayne 54,838
7%
41 East Hampton 28,385
6%
27 Piscataway 60,804
6%
45 South Orange 18,484
5%
47 Asbury Park 15,188
4%
22 Clarkstown 86,855
4%
49 Freehold 12,538
4%
20 Greenburgh 95,397
4%
48 Red Bank 12,936
4%
40 Westfield 31,032
3%
51 Milford 1,103
1%
50 Somerville 12,346
1%
No matching quizzes found
Score Distribution
Percent of People with Each Score
Percentile by Number Answered
Your Score History
You have not taken this quiz